New university course (Record no. 69801)

MARC details
000 -LEADER
fixed length control field 01017cam a2200217 4500
001 - CONTROL NUMBER
control field WB3811-10
008 - FIXED-LENGTH DATA ELEMENTS--GENERAL INFORMATION
fixed length control field 020319n2002 000 0 eng u
035 ## - SYSTEM CONTROL NUMBER
System control number (Sirsi) u117163
245 ## - TITLE STATEMENT
Title New university course
260 ## - PUBLICATION, DISTRIBUTION, ETC.
Date of publication, distribution, etc. 2002
490 ## - SERIES STATEMENT
Series statement Negotiator
Volume/sequential designation 17(3) 15 March 2002, 9(1)
520 ## - SUMMARY, ETC.
Summary, etc. London's South Bank University's Centre for Surveying is introducing a new higher national certificate (HNC) in residential surveying in anticipation of the Sellers' Information Pack becoming law. The course will cover the skills needed to conduct mortgage valuations, homebuyer reports and the home condition report (HCR), with background studies in law, town planning and finance. Centre for Surveying at http://pisces.sbu.ac.uk/BE/SURV/
590 ## - LOCAL NOTE (RLIN)
Local note WB
650 ## - SUBJECT ADDED ENTRY--TOPICAL TERM
Topical term or geographic name entry element SELLERS INFORMATION PACKS
650 ## - SUBJECT ADDED ENTRY--TOPICAL TERM
Topical term or geographic name entry element SOUTH BANK UNIVERSITY
650 ## - SUBJECT ADDED ENTRY--TOPICAL TERM
Topical term or geographic name entry element RESIDENTIAL SURVEYS
650 ## - SUBJECT ADDED ENTRY--TOPICAL TERM
Topical term or geographic name entry element HOME CONDITION REPORTS
650 ## - SUBJECT ADDED ENTRY--TOPICAL TERM
Topical term or geographic name entry element PROFESSIONAL QUALIFICATIONS
690 ## - LOCAL SUBJECT ADDED ENTRY--TOPICAL TERM (OCLC, RLIN)
Topical term or geographic name as entry element CAREERS, EDUCATION AND TRAINING
942 ## - ADDED ENTRY ELEMENTS (KOHA)
Suppress in OPAC 0
Holdings
Withdrawn status Lost status Source of classification or shelving scheme Damaged status Not for loan Home library Current library Shelving location Date acquired Total Checkouts Full call number Barcode Date last seen Copy number Price effective from Koha item type
    Dewey Decimal Classification     London London News article 19/03/2002   WB3811-10 117163-1001 06/08/2019 1 06/08/2019 News article